000 00399cam a2200169ua 4500
001 6068
008 131114n ii |||gr||||Z||||||eng
040 _cMAIN
082 _a941
245 1 1 _aSimple History Of England
250 _b9th rv. enlarged Ed.
260 _aDelhi:
_bSBD Enterprises,
_c1988.
300 _avi,352p.
653 _aHistory
653 _aSimple History of England
942 _cBK
999 _c5221
_d5221